000 004470000a22001690004500
041 0 _aSPA
082 0 4 _aG 808.8132 C2665h
100 1 _aCardenal, Ernesto
245 1 0 _aHomenaje a los indios americanos / Ernesto Cardenal
260 _aBuenos Aires, Argentina : C. Lohlé
300 _a102 Pag
001 10777
942 _cBK
999 _c40224
_d40224
336 _atexto
_btxt
_2rdacontent
337 _2rdamedia
_asin mediación
_bn
338 _2rdacarrier
_avolumen
_bnc